000 00925nam a2200265 i 4500
001 16000
003 ES-MaACL
005 20230906151225.0
007 t|
008 000530s1998 sp ||||0| spa j
020 _a84-7846-672-X
040 _aM-BN
_bspa
_cM-BN
080 _a726.71(460.18)
080 _a726.033.5(460.18)
100 1 _aLópez de Guereño Sanz, María Teresa.
_973543
245 1 0 _aMonasterios medievales premonstratenses
_b: reinos de Castilla y León /
_cMaría Teresa López de Guereño Sanz.
260 _a[Valladolid] :
_bConsejería de Educación y Cultura,
_c1997.
300 _a2 v. :
_bil. ;
_c25 cm.
490 1 _aEstudios de arte ;
_v9
650 4 _aMonasterios-
_zCastilla y León.
_915150
710 1 _aCastilla y León.
_bConsejería de Educación y Cultura.
_92500
830 0 _aEstudios de arte ;
_v9
_9179848
852 _aES-MaACL
_jL-23216-17
_bR.128289
999 _c16000
_d16000